000
00202 a2200097 4500
001
33571
100
_a
Rayport,J.E
245
_a
E-Commerce
260
_a
ND
_b
Tata McGraw-Hill
_c
090
_c
22343
_d
22343
942
_a
NUST-CAE
_c
M
_c
13718
999
_c
268644
_d
268644